Historical sketches of the south Indian history (Record no. 6541)

MARC details
000 -LEADER
fixed length control field 00673nam a2200193Ia 4500
003 - CONTROL NUMBER IDENTIFIER
control field IN-BaIIA
008 - FIXED-LENGTH DATA ELEMENTS--GENERAL INFORMATION
fixed length control field 211028s9999 xx 000 0 eng d
040 ## - CATALOGING SOURCE
Transcribing agency IIA Library
080 ## - UNIVERSAL DECIMAL CLASSIFICATION NUMBER
Universal Decimal Classification number 954
Item number WIL-2
100 ## - MAIN ENTRY--PERSONAL NAME
Personal name Wilks, Mark
9 (RLIN) 11196
245 #0 - TITLE STATEMENT
Title Historical sketches of the south Indian history
Remainder of title from the earliest times to the last Muhammadan dynasty
Statement of responsibility, etc. Mark Wilks and Murray Hammick
250 ## - EDITION STATEMENT
Edition statement 2nd ed.
260 ## - PUBLICATION, DISTRIBUTION, ETC.
Place of publication, distribution, etc. New Delhi
Name of publisher, distributor, etc. Cosmo Publications
Date of publication, distribution, etc. 1980
300 ## - PHYSICAL DESCRIPTION
Extent lvi, 454-850p.
650 ## - SUBJECT ADDED ENTRY--TOPICAL TERM
Topical term or geographic name entry element History - South India
9 (RLIN) 11197
650 ## - SUBJECT ADDED ENTRY--TOPICAL TERM
Topical term or geographic name entry element South India - history
9 (RLIN) 11198
700 ## - ADDED ENTRY--PERSONAL NAME
Personal name Hammick, Murray
9 (RLIN) 11199
942 ## - ADDED ENTRY ELEMENTS (KOHA)
Koha item type Books
Holdings
Withdrawn status Lost status Damaged status Not for loan Home library Current library Shelving location Date acquired Total Checkouts Full call number Barcode Date last seen Price effective from Koha item type
        IIA Library-Bangalore IIA Library-Bangalore General Stacks 07/08/1980   954/ WIL-2 7276 05/11/2021 07/08/1980 Books

Powered by Koha